000 01220nam a22002297a 4500
999 _c59971
_d59971
003 Ge_BSU
005 20230525150519.0
008 230525s2011 ge ||||| |||| 00| 0 geo d
020 _a9789941425264
041 _ageo
080 _a930(479.22)(092თაყაიშვილი, ე.) ლ-81
100 _aლომთათიძე, გიორგი
_97691
245 _aექვთიმე თაყაიშვილი /
_cგიორგი ლომთათიძე; მთავარი რედ. ზაზა აბზიანიძე. ეთერ ინწკირველი; დიზაინერი თეა ინწკირველი.
264 _aთბილისი:
_b[საოჯახო ბიბ-კა],
_c2011.
300 _a218გვ. ;
_b21სმ.
501 _aსახელთა საძ.: გვ. 207-216.
504 _aბიბლიოგრ. ტექსტ. შენიშვნ.
653 _aთაყაიშვილი, ექვთიმე, 1863-1953.
653 _aქართველი ისტორიკოსები
700 _aაბზიანიძე, ზაზა
_eრედაქტორი
_92005
942 _2udc
_cBK